धर्मवीर भारती ग्रन्थावली (Record no. 1490750)

MARC details
000 -LEADER
fixed length control field 02081 a2200337 4500
005 - DATE AND TIME OF LATEST TRANSACTION
control field 20260224124417.0
008 - FIXED-LENGTH DATA ELEMENTS--GENERAL INFORMATION
fixed length control field 260127b |||||||| |||| 00| 0 eng d
020 ## - INTERNATIONAL STANDARD BOOK NUMBER
International Standard Book Number 8170556139 (hbk) (खण्ड 1)
020 ## - INTERNATIONAL STANDARD BOOK NUMBER
International Standard Book Number 8170556147 (hbk) (खण्ड 2)
020 ## - INTERNATIONAL STANDARD BOOK NUMBER
International Standard Book Number 8170556155 (hbk) (खण्ड 3)
020 ## - INTERNATIONAL STANDARD BOOK NUMBER
International Standard Book Number 8170556163 (hbk) (खण्ड 4)
020 ## - INTERNATIONAL STANDARD BOOK NUMBER
International Standard Book Number 8170556171 (hbk) (खण्ड 5)
020 ## - INTERNATIONAL STANDARD BOOK NUMBER
International Standard Book Number 817055618X (hbk) (खण्ड 6)
020 ## - INTERNATIONAL STANDARD BOOK NUMBER
International Standard Book Number 8170556198 (hbk) (खण्ड 7)
020 ## - INTERNATIONAL STANDARD BOOK NUMBER
International Standard Book Number 8170556201 (hbk) (खण्ड 8)
020 ## - INTERNATIONAL STANDARD BOOK NUMBER
International Standard Book Number 817055621X (hbk) (खण्ड 9)
037 ## - SOURCE OF ACQUISITION
Terms of availability REF
040 ## - CATALOGING SOURCE
Original cataloging agency CRL
Transcribing agency CRL
041 ## - LANGUAGE CODE
Source of code hin
Language code of text/sound track or separate title hin
084 ## - COLON CLASSIFICATION NUMBER
Classification number O152,1N26x N8;P7.1-.9 (RR)
Assigning agency CRL
245 ## - TITLE STATEMENT
Title धर्मवीर भारती ग्रन्थावली
250 ## - EDITION STATEMENT
Edition statement 2 संस्करण
260 ## - PUBLICATION, DISTRIBUTION, ETC.
Place of publication, distribution, etc. नयी दिल्ली, भारत:
Name of publisher, distributor, etc. वाणी प्रकाशन,
Date of publication, distribution, etc. 2007.
300 ## - PHYSICAL DESCRIPTION
Extent खण्ड 1 (1-446पृ.), खण्ड 2 (1-330पृ.), खण्ड 3 (1-456पृ.), खण्ड 4 (1-520पृ.), खण्ड 5 (1-303पृ.), खण्ड 6 (1-401पृ.), खण्ड 7 (1-400पृ.), खण्ड 8 (1-358पृ.), खण्ड 9 (1-445 पृ.)
365 ## - TRADE PRICE
Price amount 8500.00
Currency code INR
650 ## - SUBJECT ADDED ENTRY--TOPICAL TERM
Topical term or geographic name entry element हिन्दी साहित्य
9 (RLIN) 1112271
650 ## - SUBJECT ADDED ENTRY--TOPICAL TERM
Topical term or geographic name entry element हिन्दी कविता
9 (RLIN) 1112272
700 ## - ADDED ENTRY--PERSONAL NAME
Personal name बांदिवडेकर, चन्द्रकान्त
Relator term संपादक
9 (RLIN) 1112270
942 ## - ADDED ENTRY ELEMENTS (KOHA)
Koha item type Reference
Source of classification or shelving scheme Colon Classification (CC)
Suppress in OPAC No
Classification part O152,1N26x N8;P7.1-.9 (RR)
Holdings
Withdrawn status Lost status Source of classification or shelving scheme Damaged status Not for loan Home library Current library Date acquired Source of acquisition Cost, normal purchase price Serial Enumeration / chronology Inventory number Total Checkouts Full call number Barcode Date last seen Cost, replacement price Price effective from Koha item type
    Colon Classification (CC)   Not For Loan Central Library Central Library 2026-01-20 117/ एकेडमिक पब्लिकेशन्स 944.00 खण्ड 1 उपन्यास और लम्बी कहानियाँ IN-00100 & 2026-01-17   O152,1N26x N8;P7.1 CL1925493 2026-01-20 8500.00 2026-01-20 Reference
    Colon Classification (CC)   Not For Loan Central Library Central Library 2026-01-16 117/ एकेडमिक पब्लिकेशन्स 944.00 खण्ड 2 कहानियाँ और एकांकी IN-00100 & 2026-01-17   O152,1N26x N8;P7.2 CL1925494 2026-01-16 8500.00 2026-01-16 Reference
    Colon Classification (CC)   Not For Loan Central Library Central Library 2026-01-16 117/ एकेडमिक पब्लिकेशन्स 944.00 खण्ड 3 कविताएँ और गीति - नाट्य IN-00100 & 2026-01-17   O152,1N26x N8;P7.3 CL1925495 2026-01-16 8500.00 2026-01-16 Reference
    Colon Classification (CC)   Not For Loan Central Library Central Library 2026-01-16 117/ एकेडमिक पब्लिकेशन्स 944.00 खण्ड 4 निबंध साहित्य IN-00100 & 2026-01-17   O152,1N26x N8;P7.4 CL1925496 2026-01-16 8500.00 2026-01-16 Reference
    Colon Classification (CC)   Not For Loan Central Library Central Library 2026-01-16 117/ एकेडमिक पब्लिकेशन्स 944.00 खण्ड 6 संस्मरण साहित्य IN-00100 & 2026-01-17   O152,1N26x N8;P7.6 CL1925498 2026-01-16 8500.00 2026-01-16 Reference
    Colon Classification (CC)   Not For Loan Central Library Central Library 2026-01-16 117/ एकेडमिक पब्लिकेशन्स 944.00 खण्ड 7 यात्रा साहित्य IN-00100 & 2026-01-17   O152,1N26x N8;P7.7 CL1925499 2026-01-16 8500.00 2026-01-16 Reference
    Colon Classification (CC)   Not For Loan Central Library Central Library 2026-01-16 117/ एकेडमिक पब्लिकेशन्स 944.00 खण्ड 8 अनुदित साहित्य IN-00100 & 2026-01-17   O152,1N26x N8;P7.8 CL1925500 2026-01-16 8500.00 2026-01-16 Reference
    Colon Classification (CC)   Not For Loan Central Library Central Library 2026-01-16 117/ एकेडमिक पब्लिकेशन्स 944.00 खण्ड 9 शोध साहित्य IN-00100 & 2026-01-17   O152,1N26x N8;P7.9 CL1925501 2026-01-16 8500.00 2026-01-16 Reference
    Colon Classification (CC)   Not For Loan Central Library Central Library 2026-01-16 117/ एकेडमिक पब्लिकेशन्स 944.00 खण्ड 5 समीक्षा साहित्य IN-00100 & 2026-01-17   O152,1N26x N8;P7.5 CL1925497 2026-01-16 8500.00 2026-01-16 Reference
Copyright @ Delhi University Library System